Friends making them and keeping them / (Record no. 7687)
[ view plain ]
| 000 -LEADER | |
|---|---|
| fixed length control field | 01114nam a22002897a 4500 |
| 001 - CONTROL NUMBER | |
| control field | 7687 |
| 003 - CONTROL NUMBER IDENTIFIER | |
| control field | FISKH |
| 005 - DATE AND TIME OF LATEST TRANSACTION | |
| control field | 20250731100501.0 |
| 008 - FIXED-LENGTH DATA ELEMENTS--GENERAL INFORMATION | |
| fixed length control field | 250731b cb ||||| |||| 00| 0 eng d |
| 020 ## - INTERNATIONAL STANDARD BOOK NUMBER | |
| International Standard Book Number | 9781609589059 |
| 040 ## - CATALOGING SOURCE | |
| Original cataloging agency | FISKH |
| Language of cataloging | eng |
| Transcribing agency | FISKH |
| Modifying agency | FISKH |
| 050 ## - LIBRARY OF CONGRESS CALL NUMBER | |
| Classification number | BJ1533.F8 C755 |
| 082 ## - DEWEY DECIMAL CLASSIFICATION NUMBER | |
| Classification number | 155.43 |
| 100 ## - MAIN ENTRY--PERSONAL NAME | |
| Personal name | Criswell, Patti Kelley |
| 245 ## - TITLE STATEMENT | |
| Title | Friends making them and keeping them / |
| Statement of responsibility, etc. | by Patti Kelley Criswell ; illustrated by Stacy Peterson |
| 250 ## - EDITION STATEMENT | |
| Edition statement | This edition published in 2018 |
| 260 ## - PUBLICATION, DISTRIBUTION, ETC. | |
| Place of publication, distribution, etc. | Middleton : |
| Name of publisher, distributor, etc. | American Girl Publishing, |
| Date of publication, distribution, etc. | 2006 |
| 300 ## - PHYSICAL DESCRIPTION | |
| Extent | 85 pages : |
| Other physical details | color illustrations ; |
| Dimensions | 21 cm |
| 505 ## - FORMATTED CONTENTS NOTE | |
| Formatted contents note | R<br/> |
| 520 ## - SUMMARY, ETC. | |
| Summary, etc. | ""Friends" is designed to help you learn how to make new friends, and make the most of the friendships you already have. It's full of quizzes, crafts, thoughtful advice, and true stories of friendship shared by real girls like you"-- |
| 521 8# - TARGET AUDIENCE NOTE | |
| Target audience note | 700<br/> |
| Source | Lexile <br/><br/> |
| 521 8# - TARGET AUDIENCE NOTE | |
| Target audience note | R<br/> |
| Source | Raz-Plus<br/> |
| 650 ## - SUBJECT ADDED ENTRY--TOPICAL TERM | |
| Topical term or geographic name entry element | American Girl |
| Form subdivision | Social Skills |
| General subdivision | Childhood Studies |
| 700 ## - ADDED ENTRY--PERSONAL NAME | |
| Personal name | Peterson, Stacy |
| Relator term | illustrator |
| 942 ## - ADDED ENTRY ELEMENTS (KOHA) | |
| Source of classification or shelving scheme | Dewey Decimal Classification |
| Koha item type | Books |
| Suppress in OPAC | No |
| Withdrawn status | Lost status | Source of classification or shelving scheme | Damaged status | Not for loan | Collection | Home library | Current library | Shelving location | Date acquired | Total Checkouts | Full call number | Barcode | Date last seen | Copy number | Price effective from | Koha item type |
|---|---|---|---|---|---|---|---|---|---|---|---|---|---|---|---|---|
| Dewey Decimal Classification | Non-Fiction | Footprints International School Library Network Toul Kork Campus | Footprints International School Library Network Toul Kork Campus | TK Primary Library Room(4th Floor), Bookcase 5&6, Shelves 33-56, Orange Books | 07/31/2025 | CRI 155.43 BJ1533.F8 C755 | 2025-3826 | 07/31/2025 | 1 | 07/31/2025 | Books |
